00542nam a22001217a 4500008004100000040005500041080001800096245017500114260006700289300001400356490002300370650002700393230405b |||||||| |||| 00| 0 eng d aNational Science LibrarycNational Science Library a061.5(73)bK0 aAnnual report of the board of regents of the Smithsonian institution c/ Showing the Operations, Expenditures, and Condition of the Institution for the Year Ended June 30 aWashington: bUnited States Government Printing Office, c1959 ax, 693p.  aPublication v4392 aSmithsonian institute